[Event "Hetauda Metropolitan-ch U21"]
[Site "Hetauda"]
[Date "2021.03.25"]
[Round "2"]
[White "Rai, Suman"]
[Black "Shankar, Kumar"]
[Result "1-0"]
[WhiteElo "1807"]
[BlackElo "1368"]
[PlyCount "34"]
[EventDate "2021.03.24"]
[EventType "swiss"]
[EventRounds "7"]
[EventCountry "NEP"]
[SourceTitle "EXT 2022"]
[Source "ChessBase"]
[SourceDate "2021.10.06"]
[SourceVersion "1"]
[SourceVersionDate "2021.10.06"]
[SourceQuality "1"]

1. e4 e6 2. d4 d5 3. Nc3 dxe4 4. Nxe4 Bd6 5. Qg4 g6 6. Nxd6+ cxd6 7. Qg3 Qa5+ 8. Bd2 Qb6 9. Bc3 Bd7 10. d5 e5 11. f4 f6 12. 0-0-0 Bf5 13. fxe5 fxe5 14. Bxe5 Qc7 15. Qc3 Qxc3 16. Bxc3 Nf6 17. Bxf6 Rf8 1-0

[Event "Asian Cities-chT"]
[Site "Dhaka"]
[Date "2019.07.13"]
[Round "5.3"]
[White "Rai, Suman"]
[Black "Teh, Wee Zhun"]
[Result "0-1"]
[WhiteElo "1896"]
[BlackElo "1893"]
[PlyCount "142"]
[EventDate "2019.07.10"]
[EventType "team-swiss"]
[EventRounds "9"]
[EventCountry "BAN"]
[SourceTitle "EXT 2020"]
[Source "ChessBase"]
[SourceDate "2019.10.17"]
[SourceVersion "1"]
[SourceVersionDate "2019.10.17"]
[SourceQuality "1"]
[WhiteTeam "Kathmandu"]
[BlackTeam "Shah Alam"]
[WhiteTeamCountry "NEP"]
[BlackTeamCountry "MAS"]

1. e4 d5 2. exd5 Qxd5 3. Nc3 Qd6 4. d4 Nf6 5. h3 c6 6. Nf3 Bf5 7. Bd3 Bxd3 8. Qxd3 Nbd7 9. 0-0 e6 10. Ne2 b5 11. a4 b4 12. Bf4 Qd5 13. Qa6 Be7 14. Ne5 Nxe5 15. dxe5 Nd7 16. Qb7 c5 17. Qa6 Nb8 18. Qc8+ Qd8 19. Qb7 Qd5 20. Qc8+ Qd8 21. Qb7 Qd5 22. Qb5+ Qc6 23. Qd3 0-0 24. Qg3 Qe4 25. Rfe1 Nc6 26. c3 Qf5 27. Qe3 Rfd8 28. Red1 Qc2 29. Rdc1 Qxb2 30. Qe4 b3 31. Ng3 Rac8 32. Nh5 Rd5 33. Qe3 Kh8 34. Qg3 Rg8 35. Qe3 Na5 36. Qe4 Nc6 37. Ng3 Rc8 38. Nf5 Bf8 39. Ne3 Qe2 40. Re1 Qd3 41. Nxd5 Qxe4 42. Rxe4 exd5 43. Re2 d4 44. cxd4 Nxd4 45. Rd2 Ne6 46. Be3 c4 47. Rb2 a5 48. f4 Bb4 49. Rab1 g6 50. g4 Nc5 51. Kg2 Nxa4 52. Rf2 Nc3 53. Ra1 Bc5 54. Bxc5 Rxc5 55. Re1 Rb5 56. f5 b2 57. f6 Rb8 58. e6 fxe6 59. f7 Kg7 60. f8Q+ Rxf8 61. Rxb2 Nd5 62. Ra2 c3 63. Rxa5 Rc8 64. Kf3 c2 65. Rc1 Nb4 66. Ke2 Rc3 67. Ra4 Nd5 68. Ra7+ Kg8 69. Kd2 Rxh3 70. Rd7 Rh2+ 71. Kd3 Nb4+ 0-1

[Event "Asian Cities-chT"]
[Site "Dhaka"]
[Date "2019.07.11"]
[Round "2.4"]
[White "Liu, Yeh Yang"]
[Black "Rai, Suman"]
[Result "1-0"]
[WhiteElo "1955"]
[BlackElo "1896"]
[PlyCount "147"]
[EventDate "2019.07.10"]
[EventType "team-swiss"]
[EventRounds "9"]
[EventCountry "BAN"]
[SourceTitle "EXT 2020"]
[Source "ChessBase"]
[SourceDate "2019.10.17"]
[SourceVersion "1"]
[SourceVersionDate "2019.10.17"]
[SourceQuality "1"]
[WhiteTeam "Chinese Taipei"]
[BlackTeam "Kathmandu"]
[WhiteTeamCountry "TPE"]
[BlackTeamCountry "NEP"]

1. e4 e5 2. Nc3 Nf6 3. g3 Bc5 4. Bg2 0-0 5. Nge2 c6 6. 0-0 d5 7. exd5 cxd5 8. d4 exd4 9. Na4 Be7 10. Nxd4 Nc6 11. Be3 Ng4 12. Nxc6 bxc6 13. Bc5 Bxc5 14. Nxc5 Qf6 15. c3 Rb8 16. h3 Ne5 17. b3 Qh6 18. Qd4 Qf6 19. Rae1 Nf3+ 20. Bxf3 Qxf3 21. Re3 Qh5 22. g4 Qh6 23. f4 a5 24. Kg2 Qd6 25. f5 Rb5 26. b4 axb4 27. cxb4 Qh6 28. a3 Rb8 29. f6 Ra8 30. Ref3 g6 31. Re1 Qh4 32. Qd2 Ba6 33. Re5 Kh8 34. Rfe3 Qxf6 35. Qe1 Ra7 36. Rf3 Qd6 37. g5 d4 38. Rf6 Qd8 39. Rxc6 Bc4 40. Ne4 Bd5 41. Rc5 Ba8 42. Qa1 f5 43. Red5 Qe7 44. Qxd4+ Kg8 45. Nf6+ Kf7 46. Kf2 Bxd5 47. Rxd5 Rc8 48. Qb2 Rac7 49. Rd2 Rc3 50. Nd5 Qa7+ 51. Kg2 R3c6 52. Qb3 Kf8 53. Nf6 Qf7 54. Nd7+ Kg8 55. Qxf7+ Kxf7 56. Ne5+ Ke6 57. Nxc6 Rxc6 58. b5 Rc3 59. a4 Rb3 60. h4 f4 61. Ra2 Kf5 62. a5 Rxb5 63. a6 Rb8 64. a7 Ra8 65. Kf3 Ke5 66. Ra4 Kd5 67. Kxf4 Rf8+ 68. Ke3 Re8+ 69. Kf3 Ra8 70. h5 gxh5 71. Kg3 Kc6 72. Kh4 Kb5 73. Ra1 Kb6 74. Kxh5 1-0